00487nam a22001577a 450000500170000000800410001702000150005802200130007304100120008608200120009810000120011024500920012226000580021430000310027265000260030320240809064954.0240809b |||||||| |||| 00| 0 eng d a0409016748 a03789373 aEnglish a349 SOU lEnglish aButterworths Consolidated Index and Noter-Up to the South African Law Reports 1980-1990 aDurban: bButterworth Publishers (Pty) Ltd, c1980-90 bvii, 1069 pages; c25 cm.  aLegal practice bLaw